Naukowy charakter pracy archiwisty

Titel: Naukowy charakter pracy archiwisty / redakcja naukowa Anna Żeglińska, Mariusz Żuławnik ; Instytut Pamięci Narodowej Komisja Ścigania Zbrodni przeciwko Narodowi Polskiemu.
Beteiligt: ;
Veröffentlicht: Warszawa : Instytut Pamięci Narodowej, 2024
Umfang: 168 Seiten : Illustrationen ; 25 cm
Format: Buch
Sprache: Polnisch
Schriftenreihe/
mehrbändiges Werk:
Symposia Archivistica ; t. 8
Schlagworte:
ISBN: 9788383760025 ; 8383760027
Buchumschlag
X
alg: 52245167
001A    $03004:24-10-24 
001B    $01999:04-12-25 $t22:17:00.000 
001D    $01999:11-12-24 
001U    $0utf8 
001X    $00 
002@    $0Aay 
002C    $aText $btxt $2rdacontent 
002D    $aohne Hilfsmittel zu benutzen $bn $2rdamedia 
002E    $aBand $bnc $2rdacarrier 
003@    $0522451675 
004A    $A978-83-8376-002-5 $f((oprawa twarda)) 
004A    $083-8376-002-7 
006C    $01453715194 $aOCoLC 
007A    $0522451675 $aHEB 
007G    $0DE0203F462C4EBDACDB3DC1258C3400360E70 
009P    $qapplication/pdf $A2 $3Inhaltsverzeichnis $uhttp://scans.hebis.de/HEBCGI/show.pl?52245167_toc.pdf $mV:DE-603;B:DE-Mb50 
009P    $qapplication/pdf $A2 $3Cover $uhttp://scans.hebis.de/HEBCGI/show.pl?52245167_cov.pdf $mV:DE-603;B:DE-Mb50 
009P    $qapplication/pdf $A2 $3Abstract $uhttp://scans.hebis.de/HEBCGI/show.pl?52245167_sum.pdf $mV:DE-603;B:DE-Mb50 
010@    $apol 
010E    $erda 
011@    $a2024 $n2024 
013D    $RWissenschaftliche Literatur $RAufsatzsammlung $#Konferenzbericht $71071861417 $8Konferenzschrift [Tsz] $9359646190 $y17.-18.10.2022 $zOlsztyn 
013D    $#Beiträge Formschlagwort $#Einzelbeiträge $#Sammelwerk Formschlagwort $74143413-4 $8Aufsatzsammlung [Tsz] $9085562742 
021A    $aNaukowy charakter pracy archiwisty $hredakcja naukowa Anna Żeglińska, Mariusz Żuławnik ; Instytut Pamięci Narodowej Komisja Ścigania Zbrodni przeciwko Narodowi Polskiemu. 
028C    $BHerausgeber $4edt $8Żeglińska, Anna$Z1975- [Tp3] $9475260872 
028C    $BHerausgeber $4edt $71226108946 $8Żuławnik, Mariusz$Z1977- [Tp3] $9475261585 
033A    $pWarszawa $nInstytut Pamięci Narodowej 
034D    $a168 Seiten 
034I    $a25 cm 
034M    $aIllustrationen 
036E    $aSymposia Archivistica $lt. 8 
037A    $aNa grzbiecie wyłącznie tytuł serii. Materiały z sympozjum naukowego, 17-18 października 2022 r., Olsztyn. 
044A    $aMateriały konferencyjne $2dbn $S#7 $N655 
044A    $aPraca zbiorowa $2dbn $S#7 $N655 
044K    $RPolen-Litauen $RKongresspolen $RWestgalizien $RStaat Krakau $#Generalgouvernement Polen $#Polska $#Rzeczpospolita Polska $#Polska Rzeczpospolita Ludowa $#Poland $#Pologne $#République Polonaise $#Generalne Gubernatorstwo w Polsce $#Polish People's Republic $#Polska Rzeczpospolita Polen $#PRL $#RP $#Polen Generalgouvernement $#Polska Generalgouvernement $#Besetzte Polnische Gebiete $#Besetztes Gebiet in Polen $#Okupowane Polskie Obszary $#Obszary Okupowane w Polsce $#Volksrepublik Polen $#Polska Rosyjska $#Republic Polen $#Respublika Pol'ša $#Pol'skaja Narodnaja Respublika $#République de Pologne $#Polen Links der Weichsel $#Polska po Lewej Stronie Wisły $#Lenkija $#Polija $#Gubernija Carstva Pol'skago $#Republik Polen $74046496-9 $8Polen [Tg1] $9085129801 
044K    $RArchiv $RArchivarin $#Archivists $#Archivistes $#Archivisti $#Archiveros $#Bibliotheksberufe $#Archivar $#Archivare $74002865-3 $8Archivar [Ts1] $9084999349 
044K    $RGeistige Arbeit $RArbeitstechnik $RWissenschaftliches Manuskript $#Science Methodology $#Sciences Méthodologie $#Wissenschaftliches Arbeiten $#wissenschaftliche Arbeit $#Wissenschaftliche Arbeit $#Wissenschaftliche Arbeitstechnik $74066571-9 $8Wissenschaftliches Arbeiten [Ts1] $9085187186 
044K    $RPrivatarchiv $#Adel Privatarchiv $74604378-0 $8Adelsarchiv [Ts1] $9093457626 
044K    $RStiftung Preußischer Kulturbesitz $#Staatsarchiv Königsberg $#Königsberger Staatsarchiv $#Archivium Regiomontanum $#Archivum Regiomontanum $75021533-4 $8Preußisches Staatsarchiv Königsberg [Tb1] $9044375719 
044K    $RWojewódzkie Archiwum Państwowe w Gdańsku $#Archiwum Państwowe Danzig $#State Archive Danzig $#Staatsarchiv Danzig $71249498-7 $8Archiwum Państwowe w Gdańsku [Tb1] $9113138814 
044K    $#Archiv Recht $74142972-2 $8Archivrecht [Ts1] $9085559253 
045F    $a020.9438 $eDDC23BSB 
045F/01 $a020 
045F/03 $g438 
046L    $aMit Zusammenfassung der einzelnen Beiträge in englischer Sprache 

lok: 52245167 24

exp: 52245167 24 1 #EPN
201B/01 $031-01-25 $t15:24:23.000 
201C/01 $024-10-24 
201U/01 $0utf8 
203@/01 $01278617485 
208@/01 $a31-01-25 $bz 
209A/01 $a24.06987 $du $f050 $h24 06987 $x00 
209C/01 $a24.06987 K $h24 06987 K 
209G/01 $a74940137 $x00 
220C/01 $ajwa/hae 
247C/01 $8358050-7 Marburg, Bibliothek des Herder-Instituts Marburg $9102600961 

lok: 52245167 78

exp: 52245167 78 1 #EPN
201B/01 $013-06-25 $t14:26:01.000 
201C/01 $013-06-25 
201U/01 $0utf8 
203@/01 $01307096689 
208@/01 $a13-06-25 $be 
209A/01 $a/ $f000 $x00 
209A/01 $ab*p $x01 
220C/01 $apgar 
244Z/01 $#Generalgouvernement Polen $#Polska $#Rzeczpospolita Polska $#Polska Rzeczpospolita Ludowa $#Poland $#Pologne $#République Polonaise $#Generalne Gubernatorstwo w Polsce $#Polish People's Republic $#Polska Rzeczpospolita Polen $#PRL $#RP $#Polen Generalgouvernement $#Polska Generalgouvernement $#Besetzte Polnische Gebiete $#Besetztes Gebiet in Polen $#Okupowane Polskie Obszary $#Obszary Okupowane w Polsce $#Volksrepublik Polen $#Polska Rosyjska $#Republic Polen $#Respublika Pol'ša $#Pol'skaja Narodnaja Respublika $#République de Pologne $#Polen Links der Weichsel $#Polska po Lewej Stronie Wisły $#Lenkija $#Polija $#Gubernija Carstva Pol'skago $#Republik Polen $74046496-9 $8--Tg1--Polen $x01 $9085129801 
244Z/01 $#Preußen $#Preußen $#Brandenburg-Preußen $#Königreich Preußen $#Preußische Staaten $#Preußischer Staat $#Der @Preußische Staat $#Königlich Preußische Staaten $#Prusy Królewskie $#Königlich Preußen $#Prussia $74047194-9 $8--Tg1--Preußen $x06 $9085131652 
247C/01 $82080>Marburg/Lahn, Herder-Institut, Forschungsbibliothek, Bibliographieportal $9336309341
LEADER 00000cam a22000002c 4500
001 522451675
003 DE-603
005 20251204221700.0
007 tu
008 241024s2024 xx |||| | u10||u|pol c
020 |a 9788383760025  |c ((oprawa twarda)) 
020 |a 8383760027 
035 |a (DE-599)HEB522451675 
040 |a DE-603  |b ger  |c DE-603  |d DE-603  |e rda 
041 |a pol 
082 0 4 |8 1\u  |a 020.9438  |q DE-101  |2 23/BSB 
085 |8 1\u  |b 020 
085 |8 1\u  |z 2  |s 438 
245 0 0 |a Naukowy charakter pracy archiwisty  |c redakcja naukowa Anna Żeglińska, Mariusz Żuławnik ; Instytut Pamięci Narodowej Komisja Ścigania Zbrodni przeciwko Narodowi Polskiemu. 
264 1 |a Warszawa  |b Instytut Pamięci Narodowej  |c 2024 
300 |a 168 Seiten  |b Illustrationen  |c 25 cm 
336 |a Text  |b txt  |2 rdacontent 
337 |a ohne Hilfsmittel zu benutzen  |b n  |2 rdamedia 
338 |a Band  |b nc  |2 rdacarrier 
490 0 |a Symposia Archivistica  |v t. 8 
500 |a Na grzbiecie wyłącznie tytuł serii. Materiały z sympozjum naukowego, 17-18 października 2022 r., Olsztyn. 
546 |a Mit Zusammenfassung der einzelnen Beiträge in englischer Sprache 
610 1 7 |a Preußisches Staatsarchiv Königsberg  |2 gnd  |0 (DE-588)5021533-4  |0 (DE-603)044375719 
610 1 7 |a Archiwum Państwowe w Gdańsku  |2 gnd  |0 (DE-588)1249498-7  |0 (DE-603)113138814 
650 7 |a Archivar  |0 (DE-588)4002865-3  |0 (DE-603)084999349  |2 gnd 
650 7 |a Wissenschaftliches Arbeiten  |0 (DE-588)4066571-9  |0 (DE-603)085187186  |2 gnd 
650 7 |a Adelsarchiv  |0 (DE-588)4604378-0  |0 (DE-603)093457626  |2 gnd 
650 7 |a Archivrecht  |0 (DE-588)4142972-2  |0 (DE-603)085559253  |2 gnd 
651 7 |a Polen  |0 (DE-588)4046496-9  |0 (DE-603)085129801  |2 gnd 
655 7 |a Konferenzschrift  |y 17.-18.10.2022  |z Olsztyn  |2 gnd-content  |0 (DE-588)1071861417  |0 (DE-603)359646190 
655 7 |a Aufsatzsammlung  |2 gnd-content  |0 (DE-588)4143413-4  |0 (DE-603)085562742 
700 1 |a Żeglińska, Anna  |d 1975-  |e Herausgeber  |4 edt  |0 (DE-603)475260872  |0 (DE-588)1226108482  |2 gnd 
700 1 |a Żuławnik, Mariusz  |d 1977-  |e Herausgeber  |4 edt  |0 (DE-603)475261585  |0 (DE-588)1226108946  |2 gnd 
856 4 2 |m V:DE-603;B:DE-Mb50  |q application/pdf  |u http://scans.hebis.de/HEBCGI/show.pl?52245167_toc.pdf  |3 Inhaltsverzeichnis 
856 4 2 |m V:DE-603;B:DE-Mb50  |q application/pdf  |u http://scans.hebis.de/HEBCGI/show.pl?52245167_cov.pdf  |3 Cover 
856 4 2 |m V:DE-603;B:DE-Mb50  |q application/pdf  |u http://scans.hebis.de/HEBCGI/show.pl?52245167_sum.pdf  |3 Abstract 
924 0 |9 Mb 50  |a (DE-603)1278617485  |b DE-Mb50  |c HES  |d c  |g 24.06987 
924 0 |9 2080  |a (DE-603)1307096689  |b DE-2080  |c HES  |d d  |g /